[Event "39th Olympiad Women"]
[Site "Khanty-Mansiysk RUS"]
[Date "2010.10.01"]
[Round "10"]
[White "Solomons, Anzel"]
[Black "Seps, Monika"]
[Result "0-1"]
[WhiteTitle "WIM"]
[BlackTitle "WIM"]
[WhiteElo "1932"]
[BlackElo "2184"]
[Board "31.2"]
[WhiteTeam "RSA"]
[BlackTeam "SUI"]
[WhiteFideId "14300800"]
[BlackFideId "1308521"]
[EventDate "2010.09.21"]
[EventType "team"]

1. d4 Nf6 2. Nf3 d6 3. Bf4 g6 4. e3 Bg7 5. h3 Nbd7 6. Be2 O-O 7. O-O c5 8. c3 b6
9. Nbd2 Bb7 10. Rc1 Rc8 11. a3 a6 12. b4 cxb4 13. cxb4 Nd5 14. Bg3 Nc3 15. Qe1
Nxe2+ 16. Qxe2 Nf6 17. e4 Nh5 18. Bh2 Bh6 19. d5 Qd7 20. Qd3 f5 21. Rxc8 Qxc8
22. e5 dxe5 23. Bxe5 Rd8 24. Nc4 Rxd5 25. Qb3 Qc6 26. Re1 Kf8 27. a4 Nf4 28.
Bxf4 Bxf4 29. Qb2 Kg8 30. Qb3 e6 31. Ne3 Rd8 32. b5 axb5 33. axb5 Qd7 34. Rd1
Bd5 35. Nxd5 exd5 36. Nd4 Qf7 37. Nc6 Rd7 38. Rxd5 Qe6 39. Nb4 Qe1# 0-1

[Event "39th Olympiad Women"]
[Site "Khanty-Mansiysk RUS"]
[Date "2010.10.01"]
[Round "10"]
[White "Lematschko, Tatjana"]
[Black "Sischy, Monique Sian"]
[Result "1-0"]
[WhiteTitle "WGM"]
[BlackTitle "WCM"]
[WhiteElo "2194"]
[BlackElo "1980"]
[Board "31.3"]
[WhiteTeam "SUI"]
[BlackTeam "RSA"]
[WhiteFideId "1300237"]
[BlackFideId "14301245"]
[EventDate "2010.09.21"]
[EventType "team"]

1. d4 Nf6 2. c4 g6 3. g3 Bg7 4. Bg2 d6 5. Nc3 O-O 6. e4 Nbd7 7. Be3 e5 8. d5 h6
9. f3 Nh5 10. Qd2 Kh7 11. Nge2 a5 12. g4 Nhf6 13. Ng3 Nc5 14. O-O-O Ne8 15. h4
Bd7 16. Rdg1 c6 17. g5 h5 18. f4 exf4 19. Bxf4 cxd5 20. exd5 b5 21. cxb5 Qb6 22.
Bf1 a4 23. Be3 Rc8 24. Bxc5 Qxc5 25. Ne4 Qb4 26. Bd3 Bxb5 27. a3 Qd4 28. Bxb5
Qxe4 29. Bc6 Qc4 30. Rh3 Nc7 31. Re1 Na6 32. Qe2 Qf4+ 33. Kb1 Nc5 34. Qf3 Qc4
35. Qe2 Qf4 36. Qf1 Qg4 37. Qf3 Qc4 38. Qe2 Qf4 39. Qh2 Qf5+ 40. Ka2 Be5 41. Qg2
Nd3 42. Rxe5 Nxe5 43. Bxa4 Rc4 44. Bc2 Qf4 45. Ne4 Rfc8 46. Nf6+ Kg7 47. Bb3 Rd4
48. Rh2 Rc1 49. Ne8+ Kf8 50. Nf6 Nf3 51. Rh3 Qf5 52. Bc2 Qc8 53. Rxf3 Rxc2 54.
Qf1 Rdd2 55. Rb3 Rc1 56. Qf4 Rdd1 57. Qxd6+ Kg7 58. Rb4 Ra1+ 59. Kb3 Rdc1 60.
Ka4 Rc5 61. Rb8 Rc4+ 62. b4 Qxb8 63. Qxb8 1-0

[Event "39th Olympiad Women"]
[Site "Khanty-Mansiysk RUS"]
[Date "2010.10.01"]
[Round "10"]
[White "Roos, Ezet"]
[Black "De Seroux, Camille"]
[Result "1/2-1/2"]
[WhiteTitle "WFM"]
[WhiteElo "1817"]
[BlackElo "2020"]
[Board "31.4"]
[WhiteTeam "RSA"]
[BlackTeam "SUI"]
[WhiteFideId "14300729"]
[BlackFideId "1305620"]
[EventDate "2010.09.21"]
[EventType "team"]

1. e4 c5 2. Nf3 d6 3. d4 cxd4 4. Nxd4 Nf6 5. Nc3 g6 6. Bc4 Bg7 7. O-O O-O 8. Nf3
Nc6 9. h3 Bd7 10. a3 Rc8 11. Ba2 a6 12. Re1 b5 13. Nd5 Nxd5 14. exd5 Ne5 15.
Nxe5 Bxe5 16. c3 a5 17. Qe2 f5 18. f4 Bf6 19. g3 b4 20. axb4 axb4 21. c4 Qa5 22.
Be3 Ra8 23. Qd2 Rfb8 24. Bb3 Qxa1 25. Rxa1 Rxa1+ 26. Kg2 Ba4 27. Bxa4 Rxa4 28.
Bd4 Bxd4 29. Qxd4 b3 30. Qe3 Kf8 31. Qc3 Kf7 32. c5 dxc5 33. Qxc5 Rd8 34. Kf3
Ra6 35. g4 Rad6 36. Qc4 Rxd5 37. Qxb3 e6 38. Ke3 fxg4 39. hxg4 h5 40. gxh5 gxh5
41. Qc2 Rg8 42. Qc7+ Kf6 43. Qc3+ Kg6 44. Qc6 Kf6 45. Qc3+ Kf5 46. Qc2+ Kf6 47.
Qc3+ Kg6 48. Qc6 1/2-1/2

[Event "39th Olympiad Women"]
[Site "Khanty-Mansiysk RUS"]
[Date "2010.10.01"]
[Round "10"]
[White "Thorsteinsdottir, Hallgerdur"]
[Black "Kopinits, Anna-Christina"]
[Result "0-1"]
[BlackTitle "WIM"]
[WhiteElo "1995"]
[BlackElo "2210"]
[Board "32.2"]
[WhiteTeam "ISL"]
[BlackTeam "AUT"]
[WhiteFideId "2302454"]
[BlackFideId "1614142"]
[EventDate "2010.09.21"]
[EventType "team"]

1. d4 Nf6 2. c4 e6 3. Nc3 Bb4 4. e3 O-O 5. Ne2 b6 6. a3 Be7 7. Ng3 d5 8. cxd5
Nxd5 9. e4 Nxc3 10. bxc3 c5 11. Be3 cxd4 12. cxd4 Qd7 13. Qb3 Ba6 14. Bxa6 Nxa6
15. O-O Rac8 16. Rfd1 Rfd8 17. d5 exd5 18. Rxd5 Qc7 19. Rc1 Nc5 20. Qc4 Qb7 21.
Rxd8+ Rxd8 22. f3 b5 23. Qc3 Rd3 24. Qe1 Ne6 25. Rc3 Qd7 26. Rxd3 Qxd3 27. Bxa7
Qxa3 28. Be3 Bc5 29. Nf5 g6 30. Bxc5 Qxc5+ 31. Ne3 Nd4 32. Kh1 b4 33. Nd5 Nc2
34. Qh4 Qd4 35. h3 Kg7 36. Qd8 b3 37. Qb8 b2 38. Kh2 Nb4 39. Nc7 Qd6+ 40. Kg1
b1=Q+ 0-1

[Event "39th Olympiad Women"]
[Site "Khanty-Mansiysk RUS"]
[Date "2010.10.01"]
[Round "10"]
[White "Exler, Veronika"]
[Black "Fridthjofsdottir, Sigurl. Regina"]
[Result "1-0"]
[WhiteTitle "WFM"]
[WhiteElo "2130"]
[BlackElo "1812"]
[Board "32.3"]
[WhiteTeam "AUT"]
[BlackTeam "ISL"]
[WhiteFideId "1620550"]
[BlackFideId "2300788"]
[EventDate "2010.09.21"]
[EventType "team"]

1. d4 Nf6 2. Nf3 d5 3. c4 dxc4 4. e3 e6 5. Bxc4 a6 6. O-O b5 7. Be2 Bb7 8. Nbd2
c5 9. dxc5 Bxc5 10. a4 bxa4 11. Qxa4+ Nbd7 12. Nb3 O-O 13. Nxc5 Nxc5 14. Qa3 Qb6
15. b4 Nce4 16. Ne5 Rfd8 17. Nc4 Qc7 18. Bb2 Nd2 19. Rfc1 Qc6 20. f3 Nxc4 21.
Rxc4 Qd5 22. Rd1 Qg5 23. Rxd8+ Rxd8 24. Rc7 Bd5 25. Qc3 h5 26. Bc1 h4 27. e4 Qg6
28. Rc8 Rxc8 29. Qxc8+ Kh7 30. exd5 Nxd5 31. Qc4 h3 32. Bd3 f5 33. Qh4+ Kg8 34.
g3 Qf7 35. Qd4 Qc7 36. Bb2 Nf6 37. Qc4 Qd6 38. Qxa6 Qd5 39. Bxf6 Qxf3 40. Qxe6+
Kf8 41. Qe7+ 1-0

[Event "39th Olympiad Women"]
[Site "Khanty-Mansiysk RUS"]
[Date "2010.10.01"]
[Round "10"]
[White "Johannsdottir, Johanna Bjorg"]
[Black "Novkovic, Julia"]
[Result "0-1"]
[BlackTitle "WFM"]
[WhiteElo "1781"]
[BlackElo "2134"]
[Board "32.4"]
[WhiteTeam "ISL"]
[BlackTeam "AUT"]
[WhiteFideId "2303108"]
[BlackFideId "12000086"]
[EventDate "2010.09.21"]
[EventType "team"]

1. e4 e6 2. d4 c5 3. Nf3 cxd4 4. Nxd4 a6 5. Bd3 Nf6 6. O-O Qc7 7. Re1 d6 8. Kh1
Be7 9. f4 Nbd7 10. c4 b6 11. Nc3 O-O 12. Qf3 Bb7 13. Qh3 Qc5 14. Be3 Qh5 15.
Qxh5 Nxh5 16. g4 Nc5 17. gxh5 Nxd3 18. Re2 Bf6 19. Rg1 Nxf4 20. Bxf4 Bxd4 21.
Rg3 Rfd8 22. h4 Rac8 23. Kh2 Rxc4 24. Reg2 Kf8 25. h6 g6 26. h5 Rc5 27. hxg6
Rh5+ 28. Rh3 Rxh3+ 29. Kxh3 fxg6 30. Rd2 e5 31. Bg5 Rd7 32. Ne2 Bc5 33. Ng3 Rf7
34. a3 Rf2 35. Rxf2+ Bxf2 36. Bd8 Ke8 37. Bc7 Kd7 38. Bb8 Be3 39. Ba7 Kc7 0-1

[Event "39th Olympiad Women"]
[Site "Khanty-Mansiysk RUS"]
[Date "2010.10.01"]
[Round "10"]
[White "Baklanova, Tatiana"]
[Black "Milligan, Helen"]
[Result "1-0"]
[WhiteTitle "WIM"]
[BlackTitle "WFM"]
[WhiteElo "2247"]
[BlackElo "2033"]
[Board "33.1"]
[WhiteTeam "ISCA"]
[BlackTeam "NZL"]
[WhiteFideId "14100754"]
[BlackFideId "2401312"]
[EventDate "2010.09.21"]
[EventType "team"]

1. d4 Nf6 2. c4 g6 3. Nc3 Bg7 4. e4 d6 5. f3 O-O 6. Bg5 c5 7. d5 e6 8. Qd2 exd5
9. cxd5 a6 10. a4 Re8 11. Nge2 h6 12. Be3 Nbd7 13. Nd1 Nh7 14. Nf2 h5 15. Nc3
Ne5 16. Be2 Bd7 17. O-O Rb8 18. h3 b5 19. axb5 axb5 20. Ra7 Nf6 21. Rfa1 b4 22.
Ncd1 Bb5 23. Bxb5 Rxb5 24. Bg5 c4 25. Qf4 Nd3 26. Nxd3 cxd3 27. Nf2 d2 28. Qxd2
Qb8 29. Qf4 Qd8 30. R7a6 Rc5 31. Rxd6 1-0

[Event "39th Olympiad Women"]
[Site "Khanty-Mansiysk RUS"]
[Date "2010.10.01"]
[Round "10"]
[White "Chen, Eachen"]
[Black "Mucha, Annegret"]
[Result "0-1"]
[WhiteTitle "WCM"]
[BlackTitle "WCM"]
[WhiteElo "1966"]
[BlackElo "2005"]
[Board "33.2"]
[WhiteTeam "NZL"]
[BlackTeam "ISCA"]
[WhiteFideId "4301919"]
[BlackFideId "24622788"]
[EventDate "2010.09.21"]
[EventType "team"]

1. e4 c5 2. c3 d5 3. exd5 Qxd5 4. d4 Nf6 5. Nf3 Bg4 6. dxc5 Qxc5 7. Na3 a6 8.
Be3 Qc7 9. Nc4 Nbd7 10. h3 Bh5 11. Qd4 Bxf3 12. gxf3 e5 13. Qd2 b5 14. Na3 Bxa3
15. bxa3 Nb6 16. Bxb6 Qxb6 17. Bg2 Rd8 18. Qe2 Qc7 19. O-O O-O 20. a4 Nd5 21.
axb5 Nxc3 22. Qe3 Nxb5 23. Rfc1 Qd6 24. a4 Nd4 25. Rc4 Qf6 26. Rb1 Rd6 27. Rc5
Qg6 28. Qe4 Nxf3+ 29. Qxf3 Qxb1+ 30. Kh2 Qb4 31. Rxe5 Qxa4 32. Re7 Rf6 33. Qe2
Qf4+ 34. Kg1 Rb6 35. Qc2 Qf6 36. Re2 Rfb8 37. Qc7 Qd6 38. Qxd6 Rxd6 39. Ra2 Kf8
40. Kf1 Rb1+ 41. Ke2 Rdb6 42. Kd3 R1b2 0-1

[Event "39th Olympiad Women"]
[Site "Khanty-Mansiysk RUS"]
[Date "2010.10.01"]
[Round "10"]
[White "Gerasimova, Olga"]
[Black "Fairley, Natasha"]
[Result "1-0"]
[WhiteTitle "WIM"]
[BlackTitle "WFM"]
[WhiteElo "2218"]
[BlackElo "1777"]
[Board "33.3"]
[WhiteTeam "ISCA"]
[BlackTeam "NZL"]
[WhiteFideId "24109622"]
[BlackFideId "4301439"]
[EventDate "2010.09.21"]
[EventType "team"]

1. e4 e5 2. Nf3 Nc6 3. Bb5 a6 4. Ba4 Nf6 5. O-O b5 6. Bb3 Bc5 7. c3 Bb6 8. d4
exd4 9. cxd4 d6 10. h3 O-O 11. Re1 h6 12. Nc3 Re8 13. a4 b4 14. Nd5 Ba7 15. Qd3
Nxd5 16. Bxd5 Qd7 17. a5 Rb8 18. Bc4 Ra8 19. Bd2 Qe7 20. Bd5 Bb7 21. Qc4 Qd7 22.
Rec1 Nd8 23. Bxb7 Nxb7 24. Qxc7 Qb5 25. Qc6 b3 26. Qxb5 axb5 27. Rc7 Nd8 28. Re1
Ne6 29. Rb7 Nxd4 30. Nxd4 Bxd4 31. Rxb5 Bxb2 32. Rxb3 Bd4 33. Kf1 Bc5 34. f3 f6
35. Rb7 Kh7 36. Reb1 Kg6 37. Rd7 Reb8 38. Rbb7 Rxb7 39. Rxb7 Ra6 40. Ke2 Bd4 41.
Kd3 Ba1 42. Rb1 Be5 43. f4 Bxf4 44. Bxf4 Rxa5 45. Bxd6 Ra2 46. g3 Rg2 47. Rb7 h5
48. Ke3 h4 49. gxh4 Kh5 50. Kf3 Rg6 51. Bg3 Kh6 52. Rb8 1-0

[Event "39th Olympiad Women"]
[Site "Khanty-Mansiysk RUS"]
[Date "2010.10.01"]
[Round "10"]
[White "Smith, Vivian J"]
[Black "Myronenko, Natalya"]
[Result "0-1"]
[WhiteTitle "WFM"]
[WhiteElo "1827"]
[BlackElo "1945"]
[Board "33.4"]
[WhiteTeam "NZL"]
[BlackTeam "ISCA"]
[WhiteFideId "4301935"]
[BlackFideId "14124530"]
[EventDate "2010.09.21"]
[EventType "team"]

1. e4 e5 2. Nf3 Nc6 3. d4 exd4 4. Bc4 h6 5. O-O Bc5 6. c3 Qf6 7. e5 Qd8 8. cxd4
Bb6 9. Nc3 Nge7 10. b3 d5 11. exd6 cxd6 12. d5 Ne5 13. Nxe5 dxe5 14. Bb2 O-O 15.
Qd2 Ng6 16. Ne2 Qd6 17. Bc3 Rd8 18. Ng3 Nf4 19. Qb2 Bd4 20. Bxd4 exd4 21. Qxd4
Nxd5 22. Rad1 Be6 23. Qb2 Qf4 24. Rfe1 Nf6 25. Bxe6 fxe6 26. Qe2 Re8 27. h3 e5
28. Ne4 Re7 29. Qc4+ Kf8 30. Qd3 0-1

[Event "39th Olympiad Women"]
[Site "Khanty-Mansiysk RUS"]
[Date "2010.10.01"]
[Round "10"]
[White "Mazariego-K., Carolina"]
[Black "Koskoska, Gabriela"]
[Result "1/2-1/2"]
[WhiteTitle "WIM"]
[BlackTitle "WIM"]
[WhiteElo "2086"]
[BlackElo "2142"]
[Board "34.1"]
[WhiteTeam "GUA"]
[BlackTeam "MKD"]
[WhiteFideId "7300115"]
[BlackFideId "15000630"]
[EventDate "2010.09.21"]
[EventType "team"]

1. d4 d6 2. e3 g6 3. b3 Bg7 4. Bb2 c5 5. Nd2 Nc6 6. Ngf3 Nh6 7. h3 cxd4 8. exd4
Nf5 9. Nc4 d5 10. Nce5 O-O 11. Nxc6 bxc6 12. Bd3 c5 13. c3 cxd4 14. cxd4 Qb6 15.
Be2 Ba6 16. Bxa6 Qxa6 17. Qe2 Qa5+ 18. Qd2 Qxd2+ 19. Kxd2 Rfc8 20. Kd3 Nd6 21.
Nd2 Ne4 22. Rhf1 f5 23. Rac1 Rxc1 24. Bxc1 e5 25. dxe5 Bxe5 26. Nf3 Bg7 27. Be3
Rc8 28. Bd4 Bxd4 29. Nxd4 Nc5+ 30. Kd2 Ne4+ 31. Kd3 Nc5+ 32. Kd2 Ne4+ 33. Kd3
Nc5+ 34. Kc3 Ne6+ 35. Kd3 1/2-1/2

[Event "39th Olympiad Women"]
[Site "Khanty-Mansiysk RUS"]
[Date "2010.10.01"]
[Round "10"]
[White "Jonoska, Katerina"]
[Black "Mencos, Claudia"]
[Result "1/2-1/2"]
[WhiteElo "2012"]
[BlackElo "1912"]
[Board "34.2"]
[WhiteTeam "MKD"]
[BlackTeam "GUA"]
[WhiteFideId "15002551"]
[BlackFideId "7300573"]
[EventDate "2010.09.21"]
[EventType "team"]

1. e4 c5 2. Nc3 e6 3. f4 a6 4. Nf3 Nc6 5. d4 cxd4 6. Nxd4 Nxd4 7. Qxd4 Ne7 8.
Bd3 Nc6 9. Qf2 Be7 10. Be3 O-O 11. Bb6 Qe8 12. O-O d6 13. Qg3 Bd8 14. Be3 Nb4
15. f5 exf5 16. Bd4 f6 17. exf5 Nxd3 18. Qxd3 Qc6 19. Rae1 b5 20. Qf3 Bb7 21.
Qxc6 Bxc6 22. Re3 Re8 23. Rxe8+ Bxe8 24. Re1 Bd7 25. g4 Rc8 26. h3 b4 27. Nd5
Rxc2 28. Nxb4 Rc4 29. Bc3 Bb6+ 30. Kh2 a5 31. Nd5 Bd8 32. Kg3 Kf7 33. Nf4 Bc7
34. Nd5 Bd8 35. Nf4 Bc7 36. Nd5 Bd8 37. Nf4 1/2-1/2

[Event "39th Olympiad Women"]
[Site "Khanty-Mansiysk RUS"]
[Date "2010.10.01"]
[Round "10"]
[White "Bejatovic, Bojana"]
[Black "Sotomayor Villatoro, Silvi"]
[Result "0-1"]
[WhiteElo "1891"]
[BlackElo "1777"]
[Board "34.4"]
[WhiteTeam "MKD"]
[BlackTeam "GUA"]
[WhiteFideId "15000141"]
[BlackFideId "7301057"]
[EventDate "2010.09.21"]
[EventType "team"]

1. d4 d5 2. Nf3 Bf5 3. e3 e6 4. c4 c6 5. Nbd2 Nd7 6. Be2 Bd6 7. b3 Ngf6 8. Bb2
O-O 9. Ne5 Ne4 10. Ndf3 h6 11. O-O f6 12. Nxd7 Qxd7 13. Nh4 Bh7 14. f3 Ng5 15.
f4 Ne4 16. Bh5 f5 17. Rf3 g5 18. c5 Bc7 19. fxg5 hxg5 20. Qe1 gxh4 21. Qxh4 Qg7
22. Rh3 Ng5 23. Rf1 Nxh3+ 24. Qxh3 Rf6 25. Bc1 Bg6 26. e4 fxe4 27. Rxf6 Qxf6 28.
Qg4 Kf7 29. Bg5 Qxd4+ 30. Kf1 Qg7 31. Bf4 Bxf4 32. Qxf4+ Qf6 33. Bxg6+ Kxg6 0-1

[Event "39th Olympiad Women"]
[Site "Khanty-Mansiysk RUS"]
[Date "2010.10.01"]
[Round "10"]
[White "Liu, Yang"]
[Black "Ostry, Irina"]
[Result "1/2-1/2"]
[WhiteTitle "WFM"]
[BlackTitle "WIM"]
[WhiteElo "2083"]
[BlackElo "2197"]
[Board "37.2"]
[WhiteTeam "SIN"]
[BlackTeam "KGZ"]
[WhiteFideId "5800919"]
[BlackFideId "13800060"]
[EventDate "2010.09.21"]
[EventType "team"]

1. d4 Nf6 2. c4 e6 3. Nf3 b6 4. g3 Bb7 5. Bg2 Be7 6. O-O O-O 7. Nc3 Ne4 8. Nxe4
Bxe4 9. Bh3 Bxf3 10. exf3 d5 11. cxd5 Qxd5 12. f4 c6 13. Be3 Na6 14. a3 Qb5 15.
Qc2 c5 16. dxc5 Bxc5 17. Bxc5 Nxc5 18. b4 Nd7 19. Rac1 Nf6 20. Rfd1 g6 21. Bf1
Qh5 22. Be2 Qh3 23. Bf1 Qh5 24. Be2 Qh3 25. Bf1 Qh5 26. Be2 1/2-1/2

[Event "39th Olympiad Women"]
[Site "Khanty-Mansiysk RUS"]
[Date "2010.10.01"]
[Round "10"]
[White "Tilenbaev, Baktygul"]
[Black "Ho, En Huei Danielle"]
[Result "0-1"]
[BlackTitle "WFM"]
[WhiteElo "1944"]
[BlackElo "1914"]
[Board "37.3"]
[WhiteTeam "KGZ"]
[BlackTeam "SIN"]
[WhiteFideId "13800639"]
[BlackFideId "5802423"]
[EventDate "2010.09.21"]
[EventType "team"]

1. e4 c5 2. Nc3 Nc6 3. f4 g6 4. Nf3 Bg7 5. Bc4 e6 6. O-O Nge7 7. Qe1 O-O 8. d3
d5 9. Bb3 Na5 10. Qh4 c4 11. f5 exf5 12. dxc4 dxc4 13. Ba4 a6 14. Bh6 b5 15. e5
Bxh6 16. Qxh6 f6 17. exf6 Qb6+ 18. Kh1 Qxf6 19. Ng5 Qg7 20. Qh4 h6 21. Nf3 bxa4
22. Rfe1 g5 23. Qf2 Nac6 24. Qc5 Qf7 25. Rad1 Rb8 26. Nxa4 Rb5 27. Qf2 Nd5 28.
Nc3 Nxc3 29. bxc3 Rd5 30. Rb1 Re8 31. Rf1 Kh7 32. Qb6 Ne5 33. Nd4 Qg6 34. Qa7+
Rd7 35. Qc5 Qd6 36. Qxd6 Rxd6 37. Nxf5 Bxf5 38. Rxf5 Rd2 39. Re1 Ng4 40. Rb1
Ree2 41. h3 Ne3 42. Rf7+ Kg6 43. Re7 Kf5 44. Re8 Kf4 45. Rf8+ Nf5 46. Rf1+ Rf2
47. Rxf2+ Rxf2 48. g4 Kg3 49. Rxf5 Rxc2 50. Kg1 Rc1+ 51. Rf1 Rxc3 52. Rb1 Rc2
53. Kf1 Kf3 54. a4 c3 55. a5 Rb2 56. Rc1 c2 57. Ke1 Ke3 0-1

[Event "39th Olympiad Women"]
[Site "Khanty-Mansiysk RUS"]
[Date "2010.10.01"]
[Round "10"]
[White "Muhandiram, R.m.m.u."]
[Black "Sanchez Castillo, Sarai"]
[Result "0-1"]
[BlackTitle "IM"]
[WhiteElo "1744"]
[BlackElo "2278"]
[Board "38.1"]
[WhiteTeam "SRI"]
[BlackTeam "VEN"]
[WhiteFideId "9904204"]
[BlackFideId "3900754"]
[EventDate "2010.09.21"]
[EventType "team"]

1. e4 e6 2. d4 d5 3. Nc3 Nf6 4. Bg5 dxe4 5. Nxe4 Be7 6. Bxf6 Bxf6 7. Nf3 Bd7 8.
Bd3 Bc6 9. c3 Nd7 10. Qe2 Bxe4 11. Qxe4 c6 12. O-O Qc7 13. Rfe1 g6 14. Rad1 O-O
15. Bc2 Rad8 16. h4 Bg7 17. Ng5 h6 18. Nh3 e5 19. Qf3 exd4 20. Re7 Qd6 21. Rde1
Ne5 22. R7xe5 Bxe5 23. h5 d3 24. Bb3 Kg7 25. Qg4 Rfe8 26. f4 Bd4+ 27. cxd4 Rxe1+
28. Kh2 d2 29. hxg6 Qxg6 30. Qf3 Rxd4 31. f5 Qd6+ 32. g3 d1=Q 33. Bxd1 Rdxd1 34.
Nf2 Rd2 35. Kh3 Rxf2 36. Qxf2 Rh1+ 37. Kg4 h5+ 38. Kf3 Qd3+ 39. Kg2 Qe4+ 40. Qf3
Rg1+ 41. Kxg1 Qxf3 42. b3 Qxg3+ 43. Kf1 h4 0-1

[Event "39th Olympiad Women"]
[Site "Khanty-Mansiysk RUS"]
[Date "2010.10.01"]
[Round "10"]
[White "Moreno Garcia, Elizabeth Paola"]
[Black "Basnayake, I.U."]
[Result "0-1"]
[WhiteTitle "WIM"]
[WhiteElo "2024"]
[BlackElo "1746"]
[Board "38.2"]
[WhiteTeam "VEN"]
[BlackTeam "SRI"]
[WhiteFideId "3901556"]
[BlackFideId "9901698"]
[EventDate "2010.09.21"]
[EventType "team"]

1. e4 c5 2. c3 e6 3. d4 d5 4. e5 Nc6 5. Nf3 Qb6 6. Be2 Bd7 7. O-O Nge7 8. dxc5
Qxc5 9. b4 Qb6 10. b5 Na5 11. Nd4 Ng6 12. f4 Bc5 13. a4 O-O 14. Kh1 Rac8 15. Be3
Qd8 16. Nd2 Bb6 17. Qc2 Qe7 18. N2f3 Nc4 19. Bxc4 Rxc4 20. a5 Bxd4 21. Nxd4 Rfc8
22. Rfc1 Nxf4 23. Bxf4 Rxd4 24. cxd4 Rxc2 25. Rxc2 Qb4 26. Rac1 h6 27. a6 bxa6
28. bxa6 Qxd4 29. Bg3 Bb5 30. Re1 Bxa6 31. Bf2 Qa4 32. Rcc1 Bd3 33. Ra1 Qc2 34.
Bxa7 Be4 35. Rg1 h5 36. h3 h4 37. Be3 Qc3 38. Rge1 d4 0-1

[Event "39th Olympiad Women"]
[Site "Khanty-Mansiysk RUS"]
[Date "2010.10.01"]
[Round "10"]
[White "Premanath, Dinushki"]
[Black "Gutierrez, Leonela"]
[Result "1/2-1/2"]
[WhiteElo "1853"]
[BlackElo "2062"]
[Board "38.3"]
[WhiteTeam "SRI"]
[BlackTeam "VEN"]
[WhiteFideId "9903542"]
[BlackFideId "3900401"]
[EventDate "2010.09.21"]
[EventType "team"]

1. e4 c5 2. Nf3 d6 3. d4 cxd4 4. Nxd4 Nf6 5. Nc3 a6 6. Be2 e6 7. O-O Be7 8. Be3
O-O 9. a4 Nc6 10. f4 Qc7 11. Kh1 Re8 12. Nb3 b6 13. Bf3 Bb7 14. Qd2 Nd7 15. Qf2
Nb4 16. Nd4 Bf6 17. Rad1 g6 18. e5 Bxf3 19. Qxf3 Be7 20. exd6 Bxd6 21. Ndb5 axb5
22. Nxb5 Qxc2 23. Nxd6 Qxa4 24. b3 Qa7 25. Nxe8 Rxe8 26. Qe4 Nd5 27. Bd4 Qb8 28.
Qf3 Ne7 29. Be5 Nxe5 30. fxe5 Rf8 31. Rd7 Nf5 32. Re1 Qc8 33. Qd3 Qa8 34. Qe4
Qa2 35. Rd3 Qf2 36. Qe2 Qc5 37. Qd2 Ne7 38. Rd8 Nd5 39. Rxf8+ Qxf8 40. Rf1 Kg7
41. Qf2 Qe7 42. Kg1 Qc7 43. h4 h5 44. Kh1 Qe7 45. g3 Qc7 46. Kh2 Qe7 47. Kh3 Qc7
48. Qf3 Qe7 49. Rd1 Qb4 50. Rf1 Qe7 1/2-1/2

[Event "39th Olympiad Women"]
[Site "Khanty-Mansiysk RUS"]
[Date "2010.10.01"]
[Round "10"]
[White "Luna, Raisa"]
[Black "Al-Zarouni, Kholoud Essa"]
[Result "1-0"]
[WhiteTitle "WFM"]
[BlackTitle "WFM"]
[WhiteElo "2030"]
[BlackElo "1890"]
[Board "39.2"]
[WhiteTeam "BOL"]
[BlackTeam "UAE"]
[WhiteFideId "3301508"]
[BlackFideId "9301194"]
[EventDate "2010.09.21"]
[EventType "team"]

1. d4 d5 2. c4 e6 3. Nf3 c6 4. cxd5 exd5 5. Qc2 Nf6 6. Bg5 Be7 7. Nc3 Nbd7 8. e3
O-O 9. Bd3 Re8 10. O-O Nf8 11. h3 Ne4 12. Bxe7 Qxe7 13. Rab1 Ng6 14. b4 a6 15.
Na4 f5 16. Nc5 Nh4 17. Nxh4 Qxh4 18. a4 f4 19. exf4 Qxf4 20. Rfe1 Bxh3 21. Nxe4
dxe4 22. Bc4+ Kh8 23. gxh3 Qg5+ 24. Kh1 e3 25. f3 Qf4 26. Qg2 Qxd4 27. Qg4 Qf6
28. Rbd1 Rad8 29. Rxd8 Qxd8 30. Re2 b5 31. axb5 cxb5 32. Bb3 Qd3 33. Rg2 Qc3 34.
Be6 Qf6 35. Bd5 Rd8 36. Be4 Rd1+ 37. Kh2 Qd6+ 38. Qg3 Qf6 39. Bc2 Rd8 40. Be4 g6
41. f4 Qd4 42. Qg5 Qxe4 43. Qxd8+ Kg7 44. Qc7+ Kg8 45. Qe5 Qd3 46. f5 1-0

[Event "39th Olympiad Women"]
[Site "Khanty-Mansiysk RUS"]
[Date "2010.10.01"]
[Round "10"]
[White "Al-Hammadi, Fatma"]
[Black "Solis, Gabriela"]
[Result "0-1"]
[WhiteTitle "WFM"]
[WhiteElo "1829"]
[BlackElo "1934"]
[Board "39.3"]
[WhiteTeam "UAE"]
[BlackTeam "BOL"]
[WhiteFideId "9301445"]
[BlackFideId "3301338"]
[EventDate "2010.09.21"]
[EventType "team"]

1. d4 Nf6 2. c4 e6 3. Nf3 b6 4. g3 Bb4+ 5. Bd2 Be7 6. Bg2 Bb7 7. O-O Ne4 8. Nc3
f5 9. Qc2 Nxc3 10. Bxc3 O-O 11. Rad1 d6 12. d5 e5 13. Ne1 Qe8 14. f4 e4 15. Qd2
Nd7 16. Nc2 Bf6 17. Nd4 Bxd4+ 18. Bxd4 Nf6 19. Bxf6 Rxf6 20. e3 Qh5 21. Rf2 a5
22. a4 Ba6 23. b3 Qg4 24. Qe2 Qg6 25. Bh1 Bc8 26. Bg2 Bd7 27. Rd4 Qf7 28. Bf1
Rh6 29. Qd1 Qf6 30. Be2 Rf8 31. Kh1 Re8 32. Rg2 Rh3 33. Qg1 Rh6 34. g4 fxg4 35.
Bxg4 Bxg4 36. Rxg4 Re7 37. Qg2 Kf8 38. Rxe4 Qa1+ 0-1

[Event "39th Olympiad Women"]
[Site "Khanty-Mansiysk RUS"]
[Date "2010.10.01"]
[Round "10"]
[White "Blanco, Norma"]
[Black "Nouman, Amna"]
[Result "1/2-1/2"]
[BlackTitle "WFM"]
[WhiteElo "1776"]
[BlackElo "1752"]
[Board "39.4"]
[WhiteTeam "BOL"]
[BlackTeam "UAE"]
[WhiteFideId "3302253"]
[BlackFideId "9301500"]
[EventDate "2010.09.21"]
[EventType "team"]

1. e4 e5 2. Nf3 Nc6 3. Bc4 Bc5 4. c3 Nf6 5. d4 exd4 6. cxd4 Bb4+ 7. Nc3 Nxe4 8.
O-O Bxc3 9. d5 Ne7 10. bxc3 O-O 11. Qd4 Nf6 12. d6 Nf5 13. Qf4 Nxd6 14. Ba3 Re8
15. Bxd6 Re4 16. Bxf7+ Kh8 17. Qf5 cxd6 18. Bd5 Re7 19. Ng5 Qe8 20. f4 Qf8 21.
Ne4 Rxe4 22. Bxe4 g6 23. Qh3 Nxe4 24. f5 g5 25. Qd3 Nf6 26. Rae1 d5 27. Kh1 d6
28. Qd4 Bd7 29. Re3 b6 30. h4 g4 31. Qf4 Re8 32. Rxe8 Bxe8 33. Re1 Bd7 34. a3
Ne4 35. c4 Qf6 36. g3 Qxf5 37. Qxf5 Nxg3+ 38. Kg2 Nxf5 39. cxd5 Nxh4+ 40. Kg3
Ng6 41. Rc1 a6 42. Rc7 Ne5 43. Ra7 Bb5 44. a4 Bc4 45. Rb7 b5 46. a5 b4 47. Rxb4
Bxd5 48. Rd4 Bc4 49. Rxd6 Kg7 50. Kf4 Nf7 51. Rc6 Bb5 52. Rb6 Nd8 53. Kxg4 Nc6
54. Rb7+ Kg6 55. Rb6 h5+ 56. Kh4 Kh6 57. Rb7 Nxa5 58. Rf7 Nc6 59. Rf5 Ba4 60.
Rxh5+ Kg6 61. Rd5 a5 62. Kg3 Kf6 63. Kf4 Ke6 64. Rg5 Kd6 65. Ke3 Ne5 66. Rg1 Bb3
67. Rf1 a4 68. Kd4 a3 69. Kc3 Bc4 70. Ra1 a2 71. Kb2 Nd3+ 72. Ka3 Kc5 73. Rxa2 1/2-1/2